| 000 | 03274cam a2200349 a 4500 | ||
|---|---|---|---|
| 003 | EG-GiCUC | ||
| 005 | 20250223032746.0 | ||
| 008 | 210606s2020 ua dh f m 000 0 eng d | ||
| 040 |
_aEG-GiCUC _beng _cEG-GiCUC |
||
| 041 | 0 | _aeng | |
| 049 | _aDeposite | ||
| 097 | _aPh.D | ||
| 099 | _aCai01.11.27.Ph.D.2020.No.P | ||
| 100 | 0 | _aNora Fawzy Mohamed Fnon | |
| 245 | 1 | 0 |
_aPostmortem histopathological study of causes of sudden natural death in childhood / _cNora Fawzy Mohamed Fnon ; Supervised Nour Elhoda Sayed Ismael , Samer Abdelmonem Elsheikh , Hanan Hosney Hassan |
| 246 | 1 | 5 | _aدراسة هستوباثولوجية بعد الوفاة لأسباب الوفاة الفجائية الطبيعية فى الطفولة |
| 260 |
_aCairo : _bNour ElhodaSayed Ismael , _c2020 |
||
| 300 |
_a211 P. : _bcharts , facsimiles ; _c25cm |
||
| 502 | _aThesis (Ph.D.) - Cairo University - Faculty of Medicine - Department of Pathology | ||
| 520 | _aBackground:Sudden death in apparently healthy children is always tragic.Grief is compounded when the cause of death cannot be detected.Many studies focused on sudden death in adultsbut sudden death in childhood merited little attention in literature with few studies in general population.Through detailed autopsy and ancillary examination, forensic pathologists can have a positive impact on lives of living relatives and provide benefit to society on the whole.To our knowledge, the present study is the first report about sudden natural death in childhood in Egypt. Aim of work:High-lightening diseases that cause sudden natural deaths in childhood, with a focus on their pathological features and their epidemiological characteristics in Egypt.The data delivered through this work will be thoroughly considered with the prospect of ensuring that lessons are learned, common themes identified and actions will be taken to contribute in preventing children{u2019}s deaths. Methods:A retrospective study was conducted at pathology unit at Forensic Medicine Authority- Ministry of Justice{u2013} Cairo, from the beginning of January 2011 till the end of December including all children (aged 0-18 years) who died suddenly and unexpectedly due to natural cause.These cases were subjected to thorough investigations withstudying of pathologicalfindingsat their sent organs. Traumatic and toxic deaths were excluded. Results: Two hundred and forty-five (245) cases of sudden natural deaths were identified (65.2%) among 376 total admitted sudden deaths.Themajorities of deathswere of the youngest age groups with slight higher mortality in boys compared to girls (ratio 1.4:1).The cause of death could be explained in 204 cases (82.3%).the most detected cause was prematurity (in 65 cases, 26.5 %) followed by infection (in 58 cases, 23.9%) while 41 cases (17.7%) remained unexplained | ||
| 530 | _aIssued also as CD | ||
| 653 | 4 | _aChildhood mortality | |
| 653 | 4 | _aNatural death | |
| 653 | 4 | _aSudden infant death syndrome | |
| 700 | 0 |
_aHanan Hosney Hassan , _eSupervisor |
|
| 700 | 0 |
_aNour Elhoda Sayed Ismael , _eSupervisor |
|
| 700 | 0 |
_aSamer Abdelmonem Elsheikh , _eSupervisor |
|
| 856 | _uhttp://172.23.153.220/th.pdf | ||
| 905 |
_aNazla _eRevisor |
||
| 905 |
_aShimaa _eCataloger |
||
| 942 |
_2ddc _cTH |
||
| 999 |
_c81197 _d81197 |
||